Biblioteca

Predicación y enseñanza desde el Antiguo Testamento (Registro nro. 43939)

Detalles MARC
000 -LÍDER
Campo fijo de descripción fija 01362nam a22003377a 4500
001 - NÚMERO DE CONTROL
Campo de control 17277
003 - IDENTIFICADOR DEL NÚMERO DE CONTROL
Campo de control CO-MdFUSB
005 - FECHA Y HORA DE LA ULTIMA TRANSACCIÓN
control field 20210605104244.0
008 - ELEMENTOS DE LONGITUD FIJA -- INFORMACIÓN GENERAL
Campo fijo de descripción fija -- Información general 170622t2010 xxu||||| |||| 00| 0 s d
020 ## - NÚMERO INTERNACIONAL NORMALIZADO PARA LIBROS
Número Internacional Normalizado del libro 978-0-311-43061-1
040 ## - FUENTE DE CATALOGACIÓN
Agencia que realiza la transcripción CO-MdFUSB
Agencia de catalogación original CO-MdFUSB
Idioma de catalogación spa
Agencia que realiza la modificación CO-MdFUSBC
Convenciones de la descripción rda
041 ## - CÓDIGO DE IDIOMA
Código de idioma para texto/pista de sonido o título separado spa
082 04 - NÚMERO DE CLASIFICACIÓN DECIMAL DEWEY
Número de clasificación 221.601
Número de la edición del Dewey 22
Clave de autor-Numero de item K134p
100 1# - ASIENTO PRINCIPAL--NOMBRE PERSONAL
Nombre personal Kaiser, Walter C.
Término relacionador autor
245 #0 - TÍTULO
Título del Material Predicación y enseñanza desde el Antiguo Testamento
Mención de responsabilidad, etc. / Walter C. Kaiser
250 ## - MENCIÓN DE EDICIÓN
Mención de edición Primera edición
264 #4 - PRODUCCIÓN, PUBLICACIÓN, DISTRIBUCIÓN, MANUFACTURA, Y COPYRIGHT
Lugar de producción, publicación, distribución, manufactura Texas :
Nombre del productor, publicador, distribuidor Mundo Hispano,
Fecha de producción, publicación, distribución, manufactura, o copyright ©2010
300 ## - DESCRIPCIÓN FÍSICA
Extensión 252 p.
Dimensiones ;
336 ## - TIPO DE CONTENIDO
Fuente rdacontent
337 ## - TIPO DE MEDIO
Fuente rdamedia
338 ## - TIPO DE SOPORTE
Fuente rdacarrier
505 ## - NOTA DE CONTENIDO
Nota de contenido con formato preestablecido I PARTE: La necesidad de predicar y enseñar del Antiguo Testamento -- El valor del A.T. en la actualidad -- La tarea de enseñar y predicar el A.T. -- El arte y la ciencia de la predicación expositiva \ II PARTE: Cómo predicar y enseñar del Antiguo Testamento -- Cómo predicar y enseñar los textos narrativos, los libros de sabiduría del AT, profetas, lamentos, Torá, alabanza y textos apocalípticos
650 #0 - ASIENTO SECUNDARIO DE MATERIA - TERMINO TEMÁTICO
Término temático o nombre geográfico como elemento de entrada Predicación
9 (RLIN) 54
650 #7 - ASIENTO SECUNDARIO DE MATERIA - TERMINO TEMÁTICO
Término temático o nombre geográfico como elemento de entrada Retórica en la Biblia
9 (RLIN) 414
650 #0 - ASIENTO SECUNDARIO DE MATERIA - TERMINO TEMÁTICO
Término temático o nombre geográfico como elemento de entrada Predicación
9 (RLIN) 54
653 ## - TÉRMINO DE INDIZACIÓN - NO CONTROLADO
Término no controlado Retórica - Biblia A.T.
653 ## - TÉRMINO DE INDIZACIÓN - NO CONTROLADO
Término no controlado Sermones bíblicos - Biblia A.T.
653 ## - TÉRMINO DE INDIZACIÓN - NO CONTROLADO
Término no controlado Oratoria sagrada - Biblia A.T.
942 ## - TIPO DE MATERIAL (KOHA)
Tipo de Item KOHA Libros General
945 ## - INFORMACIÓN LOCAL DEL REGISTRO
Catalogador JTF-925
Existencias
Estado de Material Estado de Perdido Forma de Clasificación Estado de Dañado No para Préstamo Colección Tomo Biblioteca de Origen Biblioteca Permanente Fecha de Adquisición Total de Préstamos Total de Renovaciones Signatura Topográfica Código de Barras Última vez visto Última vez Préstado Ejemplar/Existencia Fecha de Remplazo Tipo de Material
    Dewey Decimal Classification     Colección General   Biblioteca FUSBC Biblioteca FUSBC 21/10/2011 6 5 G 221.601 K134p 17455 28/09/2024 08/08/2023 Ej. 1 26/01/2016 Libros General

Biblioteca FUSBC | Teléfono: (57+4) 349 88 10 Ext. 141| WhatsApp (+57) 3005338115 
E-mail: biblioteca@unisbc.edu.co | Calle 76 87-14 Robledo Palenque, Medellín, Colombia

Con tecnología Koha